Things Most Humans do Everyday - Statistics

General Stats
  • This quiz has been taken 37 times
  • The average score is 7 of 15
Answer Stats
Hint Answer % Correct
None Eat
97%
None Drink
93%
None Sleep
90%
None Walk
76%
None Breathe
48%
None Hear
48%
None See
45%
None Touch
41%
None Smell
38%
None Speak
38%
None Taste
34%
None Read
28%
None Think
24%
None Write
14%
None Have Emotions
0%
No matching quizzes found
Score Distribution
Percent of People with Each Score
Percentile by Number Answered
Your Score History
You have not taken this quiz